[Event "Burlington Staunton Int"]
[Site "London, Chiswick House"]
[Date "1994.??.??"]
[Round "?"]
[White "Carton, Niall"]
[Black "Holland, Christopher KD"]
[Result "0-1"]
[WhiteElo "2265"]
[BlackElo "2220"]
[PlyCount "78"]
[EventDate "1994.10.??"]
[EventType "tourn"]
[EventRounds "15"]
[EventCountry "ENG"]
[SourceTitle "BritBase"]
[Source "John Saunders"]
[SourceDate "2023.06.01"]
[SourceVersion "1"]
[SourceVersionDate "2023.06.01"]
[SourceQuality "1"]

1. e4 g6 2. d4 Bg7 3. Nf3 d6 4. Be2 Nf6 5. Nc3 O-O 6. O-O a6 7. a4 b6 8. Re1
Bb7 9. Bf1 e6 10. h3 c5 11. Bg5 cxd4 12. Nxd4 Qc7 13. Qd2 Nbd7 14. Nb3 Rfd8 15.
Rad1 Ne5 16. Qf4 Qe7 17. Qh4 Ned7 18. f4 e5 19. Bc4 exf4 20. Bd5 h6 21. Bxh6
Nxd5 22. Bg5 N5f6 23. Bxf4 Nf8 24. Nd4 Ne6 25. Nf5 gxf5 26. exf5 Qc7 27. fxe6
Qc6 28. Rd2 fxe6 29. Rxe6 Rf8 30. Rexd6 Qc5+ 31. Kh1 Rae8 32. Bh6 Bxh6 33. b4
Qxc3 34. R6d3 Qc7 35. Rg3+ Bg7 36. Qg5 Re1+ 37. Kh2 Rf7 38. Rf2 Qe5 39. Qh6 Ne8
0-1

[Event "Burlington Staunton Int"]
[Site "London, Chiswick House"]
[Date "1994.??.??"]
[Round "?"]
[White "Carton, Niall"]
[Black "McDonald, Neil R"]
[Result "0-1"]
[WhiteElo "2265"]
[BlackElo "2390"]
[PlyCount "58"]
[EventDate "1994.10.??"]
[EventType "tourn"]
[EventRounds "15"]
[EventCountry "ENG"]
[SourceTitle "BritBase"]
[Source "John Saunders"]
[SourceDate "2023.06.01"]
[SourceVersion "1"]
[SourceVersionDate "2023.06.01"]
[SourceQuality "1"]

1. e4 c5 2. Nf3 Nc6 3. d4 cxd4 4. Nxd4 e5 5. Nb5 d6 6. a4 Be6 7. N1c3 a6 8. Na3
Be7 9. Bc4 Rc8 10. Bxe6 fxe6 11. Qg4 Kf7 12. Qh5+ g6 13. Qh3 Nf6 14. O-O h5 15.
Bg5 Ng4 16. Bxe7 Kxe7 17. Nc4 Rf8 18. Ne3 Rf4 19. Rad1 Qf8 20. Nxg4 hxg4 21.
Qh4+ Kd7 22. Rd3 Nd4 23. Qh7+ Qe7 24. Qxe7+ Kxe7 25. Rfd1 b5 26. R1d2 b4 27.
Nd1 Rxe4 28. Ne3 Nxc2 29. Rxd6 Nd4 0-1

[Event "Burlington Staunton Int"]
[Site "London, Chiswick House"]
[Date "1994.??.??"]
[Round "?"]
[White "Carton, Niall"]
[Black "Abbasi, Nasser M"]
[Result "1/2-1/2"]
[WhiteElo "2265"]
[BlackElo "2275"]
[PlyCount "111"]
[EventDate "1994.10.??"]
[EventType "tourn"]
[EventRounds "15"]
[EventCountry "ENG"]
[SourceTitle "BritBase"]
[Source "John Saunders"]
[SourceDate "2023.06.01"]
[SourceVersion "1"]
[SourceVersionDate "2023.06.01"]
[SourceQuality "1"]

1. e4 c5 2. Nc3 Nc6 3. f4 e6 4. Nf3 d6 5. Be2 Nge7 6. O-O g6 7. d3 Bg7 8. Qe1
O-O 9. Qh4 Nd4 10. f5 exf5 11. Bh6 Nxf3+ 12. Rxf3 fxe4 13. dxe4 Nc6 14. Bg5 f6
15. Be3 Be6 16. Rd1 Nd4 17. Bxd4 cxd4 18. Nb5 Qb6 19. Nxd4 f5 20. exf5 Bxf5 21.
Rb3 Qc5 22. Rb5 Bxd4+ 23. Qxd4 Qxd4+ 24. Rxd4 b6 25. Rxd6 Bxc2 26. Re5 Rad8 27.
Rxd8 Rxd8 28. Kf2 Rd7 29. g4 Bd3 30. Bf3 Bc4 31. b3 Bf7 32. Ke3 Rc7 33. Kf4 Rc2
34. Re2 Rc5 35. g5 Rf5+ 36. Kg4 Bd5 37. Bxd5+ Rxd5 38. Re7 Rd2 39. Rxa7 Rxh2
40. Ra6 b5 41. Ra5 h6 42. gxh6 Kh7 43. a3 Rg2+ 44. Kf4 Rf2+ 45. Ke4 Ra2 46. Kd4
Kxh6 47. Kc5 g5 48. Kxb5 g4 49. a4 g3 50. Ra8 Rf2 51. Rg8 g2 52. Rxg2 Rxg2 53.
a5 Kg6 54. a6 Kf6 55. a7 Ra2 56. Kb6 1/2-1/2

[Event "Burlington Staunton Int"]
[Site "London, Chiswick House"]
[Date "1994.??.??"]
[Round "?"]
[White "Carton, Niall"]
[Black "O'Shaughnessy, Conor"]
[Result "1/2-1/2"]
[WhiteElo "2265"]
[BlackElo "2295"]
[PlyCount "48"]
[EventDate "1994.10.??"]
[EventType "tourn"]
[EventRounds "15"]
[EventCountry "ENG"]
[SourceTitle "BritBase"]
[Source "John Saunders"]
[SourceDate "2023.06.01"]
[SourceVersion "1"]
[SourceVersionDate "2023.06.01"]
[SourceQuality "1"]

1. d4 Nf6 2. c4 g6 3. Nc3 Bg7 4. e4 d6 5. f3 O-O 6. Be3 Nbd7 7. Nh3 e5 8. d5
Nh5 9. g4 Nf4 10. Nxf4 exf4 11. Bxf4 Ne5 12. Be2 f5 13. gxf5 gxf5 14. Qd2 fxe4
15. Nxe4 Qh4+ 16. Bg3 Qh5 17. Ng5 Nxf3+ 18. Nxf3 Rxf3 19. Bxf3 Qxf3 20. Rf1 Qh5
21. Rf4 Bh6 22. Qe2 Qxe2+ 23. Kxe2 Bxf4 24. Bxf4 Bf5 1/2-1/2

[Event "Burlington Staunton Int"]
[Site "London, Chiswick House"]
[Date "1994.??.??"]
[Round "?"]
[White "Dive, Russell John"]
[Black "Whiteley, Andrew Jonathan"]
[Result "0-1"]
[WhiteElo "2315"]
[BlackElo "2305"]
[PlyCount "96"]
[EventDate "1994.10.??"]
[EventType "tourn"]
[EventRounds "15"]
[EventCountry "ENG"]
[SourceTitle "BritBase"]
[Source "John Saunders"]
[SourceDate "2023.06.01"]
[SourceVersion "1"]
[SourceVersionDate "2023.06.01"]
[SourceQuality "1"]

1. c4 Nf6 2. Nc3 g6 3. e4 d6 4. d4 Bg7 5. Nge2 O-O 6. Ng3 e5 7. d5 Ne8 8. Be2
Nd7 9. O-O a5 10. Be3 h5 11. Qd2 h4 12. Nh1 f5 13. exf5 gxf5 14. Bg5 Bf6 15.
Bxf6 Qxf6 16. f4 e4 17. Nf2 Nc5 18. Rad1 Bd7 19. Nh3 Qh6 20. Ng5 Nf6 21. Rfe1
Rae8 22. b3 Re7 23. Rb1 Nh7 24. Nxh7 Kxh7 25. Bf1 Rg8 26. a3 Reg7 27. Kh1 Nd3
28. Bxd3 Rxg2 29. Re2 Rxe2 30. Nxe2 exd3 31. Qxd3 Re8 32. Qf3 Re4 33. Rg1 Be8
34. Rg5 Bg6 35. Qf2 a4 36. bxa4 Rxc4 37. Nd4 h3 38. Ne6 Bf7 39. Rg1 Bxe6 40.
dxe6 Rxf4 41. Qc2 c6 42. Qb3 Rg4 43. Qxb7+ Kh8 44. Qc8+ Kg7 45. Rf1 Qd2 46.
Qd7+ Kh6 47. Qxc6 Qg2+ 48. Qxg2 hxg2+ 0-1

[Event "Burlington Staunton Int"]
[Site "London, Chiswick House"]
[Date "1994.??.??"]
[Round "?"]
[White "Dive, Russell John"]
[Black "Britton, Richard L"]
[Result "0-1"]
[WhiteElo "2315"]
[BlackElo "2300"]
[PlyCount "160"]
[EventDate "1994.10.??"]
[EventType "tourn"]
[EventRounds "15"]
[EventCountry "ENG"]
[SourceTitle "BritBase"]
[Source "John Saunders"]
[SourceDate "2023.06.01"]
[SourceVersion "1"]
[SourceVersionDate "2023.06.01"]
[SourceQuality "1"]

1. d4 Nf6 2. c4 g6 3. Nc3 Bg7 4. e4 d6 5. Nge2 O-O 6. Ng3 e5 7. d5 Na6 8. Be2
Nd7 9. O-O h5 10. Be3 h4 11. Nh1 f5 12. exf5 gxf5 13. f4 Nf6 14. Nf2 Nh7 15.
Qd2 Qf6 16. Rab1 Bd7 17. Rfc1 exf4 18. Bxf4 Nc5 19. b4 Ne4 20. Ncxe4 fxe4 21.
Be3 Qg6 22. Rf1 Rf7 23. c5 Be5 24. Kh1 Rg7 25. Rg1 Nf6 26. Bf4 Re8 27. Rbe1 Kh8
28. Bc4 Nh5 29. Bxe5 Rxe5 30. Qe3 Nf6 31. cxd6 cxd6 32. Qxa7 b5 33. Bf1 Rxd5
34. Qe3 Re5 35. Qd4 Rf5 36. Rxe4 Nxe4 37. Qxe4 Kg8 38. Qxh4 Rgf7 39. Bd3 Qg5
40. Qxg5+ Rxg5 41. Ne4 Rd5 42. Bc2 Rd4 43. Ng5 Rf6 44. Bb3+ Kg7 45. Re1 Kg6 46.
Nf3 Rxb4 47. Re7 Bf5 48. Kg1 Rf8 49. Rb7 Kf6 50. Rb6 Rd8 51. Nd2 Be6 52. Kf2
Bxb3 53. axb3 Ke5 54. Ke3 Kd5 55. Rb7 Re8+ 56. Kf2 Kd4 57. Rd7 Re6 58. Rc7 Kd3
59. Nf3 Rxb3 60. g4 b4 61. g5 Rc3 62. Rb7 Rc4 63. Kg3 Ke2 64. Ng1+ Kf1 65. Ra7
Rc3+ 66. Nf3 Ke2 67. Ra2+ Kd1 68. h4 b3 69. Rf2 Kc1 70. Kg4 Re4+ 71. Kf5 Ree3
72. Rf1+ Kb2 73. Kf4 Re8 74. g6 Rc5 75. g7 Rg8 76. Rg1 Rc7 77. Rg6 Rf7+ 78. Ke3
Rgxg7 79. Rxd6 Rg3 80. Rd2+ Ka3 0-1

[Event "Burlington Staunton Int"]
[Site "London, Chiswick House"]
[Date "1994.??.??"]
[Round "?"]
[White "Dive, Russell John"]
[Black "Maduekwe, Chiedu"]
[Result "1-0"]
[WhiteElo "2315"]
[BlackElo "2235"]
[PlyCount "43"]
[EventDate "1994.10.??"]
[EventType "tourn"]
[EventRounds "15"]
[EventCountry "ENG"]
[SourceTitle "BritBase"]
[Source "John Saunders"]
[SourceDate "2023.06.01"]
[SourceVersion "1"]
[SourceVersionDate "2023.06.01"]
[SourceQuality "1"]

1. c4 e6 2. Nc3 d5 3. d4 c6 4. cxd5 exd5 5. Qc2 g6 6. Bf4 Bf5 7. Qd2 Nf6 8. f3
h5 9. e3 Bg7 10. Nge2 O-O 11. Ng3 Bc8 12. Bd3 h4 13. Nge2 Nh5 14. Be5 Bxe5 15.
dxe5 Qg5 16. f4 Qxg2 17. O-O-O Qh3 18. Rdg1 Bf5 19. Bxf5 Qxf5 20. Nd4 Qh3 21.
e6 Kh7 22. Nd1 1-0

[Event "Burlington Staunton Int"]
[Site "London, Chiswick House"]
[Date "1994.??.??"]
[Round "?"]
[White "Dive, Russell John"]
[Black "Rayner, Francis"]
[Result "1/2-1/2"]
[WhiteElo "2315"]
[BlackElo "2285"]
[PlyCount "22"]
[EventDate "1994.10.??"]
[EventType "tourn"]
[EventRounds "15"]
[EventCountry "ENG"]
[SourceTitle "BritBase"]
[Source "John Saunders"]
[SourceDate "2023.06.01"]
[SourceVersion "1"]
[SourceVersionDate "2023.06.01"]
[SourceQuality "1"]

1. d4 Nf6 2. c4 g6 3. Nc3 Bg7 4. e4 d6 5. Nge2 O-O 6. Ng3 e5 7. d5 c6 8. Be2
cxd5 9. cxd5 a5 10. O-O Na6 11. Be3 Bd7 1/2-1/2

[Event "Burlington Staunton Int"]
[Site "London, Chiswick House"]
[Date "1994.??.??"]
[Round "?"]
[White "Dive, Russell John"]
[Black "Olesen, Martin"]
[Result "1-0"]
[WhiteElo "2315"]
[BlackElo "2320"]
[PlyCount "67"]
[EventDate "1994.10.??"]
[EventType "tourn"]
[EventRounds "15"]
[EventCountry "ENG"]
[SourceTitle "StarBase 4.56"]
[SourceDate "2004.11.04"]
[SourceVersion "1"]
[SourceVersionDate "2004.11.04"]
[SourceQuality "2"]

1. d4 Nf6 2. c4 g6 3. Nc3 Bg7 4. e4 d6 5. Nge2 O-O 6. Ng3 c5 7. d5 e6 8. Be2
exd5 9. cxd5 Na6 10. O-O Nc7 11. Rb1 h5 12. Bg5 Qd7 13. Qd2 Re8 14. b4 b6 15.
Rfe1 cxb4 16. Rxb4 Ba6 17. Bd1 Rac8 18. f3 Nb5 19. Nb1 Nh7 20. Bh6 Bxh6 21.
Qxh6 Nc3 22. Nxc3 Rxc3 23. e5 Rxe5 24. Rxe5 dxe5 25. Ne4 Qxd5 26. Bb3 Rxb3 27.
Rxb3 Qd1+ 28. Kf2 Qe2+ 29. Kg3 Qe1+ 30. Nf2 Nf6 31. Qe3 Qg1 32. Ng4 Qxe3 33.
Nxf6+ Kg7 34. Nxh5+ 1-0

[Event "Burlington Staunton Int"]
[Site "London, Chiswick House"]
[Date "1994.??.??"]
[Round "?"]
[White "Dive, Russell John"]
[Black "Carton, Niall"]
[Result "1/2-1/2"]
[WhiteElo "2315"]
[BlackElo "2265"]
[PlyCount "80"]
[EventDate "1994.10.??"]
[EventType "tourn"]
[EventRounds "15"]
[EventCountry "ENG"]
[SourceTitle "BritBase"]
[Source "John Saunders"]
[SourceDate "2023.06.01"]
[SourceVersion "1"]
[SourceVersionDate "2023.06.01"]
[SourceQuality "1"]

1. c4 e5 2. Nc3 Nf6 3. g3 g6 4. Bg2 Bg7 5. Rb1 O-O 6. b4 d6 7. d3 Nc6 8. a4 a5
9. b5 Nd4 10. Ba3 Nd7 11. e3 Ne6 12. Nge2 f5 13. f4 g5 14. fxe5 Nxe5 15. O-O
Qf6 16. Nd5 Qh6 17. Rxf5 Bd7 18. Nec3 Kh8 19. Rxf8+ Rxf8 20. Qe2 g4 21. Rf1
Rxf1+ 22. Qxf1 Ng5 23. Ne4 Nef3+ 24. Kf2 Nxe4+ 25. dxe4 Qxh2 26. Qh1 Qxh1 27.
Bxh1 Nd2 28. Nxc7 Nxc4 29. Bc1 Be5 30. Nd5 Be6 31. Nf4 Bf7 32. Nd3 Kg7 33. Bg2
Kf6 34. Bf1 Kg5 35. Nxe5 dxe5 36. Bxc4 Bxc4 37. b6 Bb3 38. Bd2 Bxa4 39. Bxa5
Bc2 40. Bb4 Kf6 1/2-1/2

[Event "Burlington Staunton Int"]
[Site "London, Chiswick House"]
[Date "1994.??.??"]
[Round "?"]
[White "Dunworth, Christopher N"]
[Black "Dive, Russell John"]
[Result "1/2-1/2"]
[WhiteElo "2245"]
[BlackElo "2315"]
[PlyCount "94"]
[EventDate "1994.10.??"]
[EventType "tourn"]
[EventRounds "15"]
[EventCountry "ENG"]
[SourceTitle "BritBase"]
[Source "John Saunders"]
[SourceDate "2023.06.01"]
[SourceVersion "1"]
[SourceVersionDate "2023.06.01"]
[SourceQuality "1"]

1. d4 Nf6 2. Bg5 e6 3. e4 h6 4. Bxf6 Qxf6 5. Nc3 d6 6. Qd2 c6 7. O-O-O e5 8.
dxe5 dxe5 9. Nf3 Be7 10. Bc4 O-O 11. Kb1 Nd7 12. Ne2 b5 13. Bd3 a5 14. Ng3 Nc5
15. Qc3 Nd7 16. Be2 b4 17. Qd2 Nb6 18. Qe3 Na4 19. Nh5 Qe6 20. Qb3 Nc5 21. Qxe6
Bxe6 22. Ng3 f6 23. Nd2 Rfd8 24. Bc4 g6 25. f3 a4 26. Ne2 Kf8 27. Bxe6 Nxe6 28.
Nc4 Bc5 29. Rxd8+ Rxd8 30. Kc1 Ke7 31. Rd1 Rxd1+ 32. Kxd1 Kd7 33. c3 a3 34.
bxa3 bxc3 35. Nxc3 Bg1 36. Ne2 Bxh2 37. a4 Nd4 38. Nxd4 exd4 39. Ke2 c5 40. a5
Kc6 41. a4 Kb7 42. Kf2 Bc7 43. g3 g5 44. g4 Ka6 45. Ke2 Bxa5 46. Kd3 Bc7 47.
Kc2 Bb8 1/2-1/2

[Event "Burlington Staunton Int"]
[Site "London, Chiswick House"]
[Date "1994.??.??"]
[Round "?"]
[White "Dunworth, Christopher N"]
[Black "Abbasi, Nasser M"]
[Result "1/2-1/2"]
[WhiteElo "2245"]
[BlackElo "2275"]
[PlyCount "103"]
[EventDate "1994.10.??"]
[EventType "tourn"]
[EventRounds "15"]
[EventCountry "ENG"]
[SourceTitle "BritBase"]
[Source "John Saunders"]
[SourceDate "2023.06.01"]
[SourceVersion "1"]
[SourceVersionDate "2023.06.01"]
[SourceQuality "1"]

1. d4 Nf6 2. Bg5 e6 3. e4 h6 4. Bxf6 Qxf6 5. Nf3 d6 6. Nc3 a6 7. Qd2 Nd7 8.
O-O-O g5 9. Kb1 b5 10. Bxb5 axb5 11. Nxb5 Kd8 12. Qc3 c5 13. e5 Qf4 14. Nxd6 g4
15. Nh4 Bxd6 16. exd6 Qf6 17. g3 Bb7 18. Rhe1 Rg8 19. f4 gxf3 20. Rf1 Rg5 21.
Nxf3 Rf5 22. Nd2 Qxd4 23. Qxd4 cxd4 24. Rxf5 exf5 25. Nb3 Be4 26. Nxd4 Rc8 27.
b3 Ne5 28. Kb2 Nf3 29. c4 Nxh2 30. Kc3 Kd7 31. b4 Ng4 32. c5 Ne5 33. Rf1 Rg8
34. Nxf5 Bxf5 35. Rxf5 Rxg3+ 36. Kd4 Nc6+ 37. Ke4 Rg4+ 38. Kf3 Rg7 39. Rf4 f5
40. b5 Ne5+ 41. Ke3 Ke6 42. Rd4 Rg3+ 43. Ke2 Rg4 44. Rd1 Rg2+ 45. Kf1 Rg8 46.
Ke2 Rd8 47. c6 Nxc6 48. bxc6 Rxd6 49. Rc1 Rd8 50. c7 Rc8 51. Rc6+ Kd5 52. Rxh6
1/2-1/2

[Event "Burlington Staunton Int"]
[Site "London, Chiswick House"]
[Date "1994.??.??"]
[Round "?"]
[White "Dunworth, Christopher N"]
[Black "Anagnostopoulos, Dimitrios"]
[Result "1/2-1/2"]
[WhiteElo "2245"]
[BlackElo "2425"]
[PlyCount "52"]
[EventDate "1994.10.??"]
[EventType "tourn"]
[EventRounds "15"]
[EventCountry "ENG"]
[SourceTitle "BritBase"]
[Source "John Saunders"]
[SourceDate "2023.06.01"]
[SourceVersion "1"]
[SourceVersionDate "2023.06.01"]
[SourceQuality "1"]

1. d4 e6 2. e4 c5 3. c3 d5 4. e5 Nc6 5. Nf3 Qb6 6. Be2 Nh6 7. Bxh6 gxh6 8. Qd2
Bg7 9. O-O O-O 10. Na3 Bd7 11. Nc2 cxd4 12. cxd4 f6 13. exf6 Rxf6 14. Ne3 Raf8
15. Ng4 Rf4 16. Nge5 Nxe5 17. dxe5 Bb5 18. Bxb5 Qxb5 19. Rac1 Qe8 20. Qd3 Rxf3
21. gxf3 Bxe5 22. Kh1 Kh8 23. Rg1 Bxh2 24. Kxh2 Qh5+ 25. Kg3 Qg5+ 26. Kh3 Qh5+
1/2-1/2

[Event "Burlington Staunton Int"]
[Site "London, Chiswick House"]
[Date "1994.??.??"]
[Round "?"]
[White "Dunworth, Christopher N"]
[Black "Britton, Richard L"]
[Result "0-1"]
[WhiteElo "2245"]
[BlackElo "2300"]
[PlyCount "221"]
[EventDate "1994.10.??"]
[EventType "tourn"]
[EventRounds "15"]
[EventCountry "ENG"]
[SourceTitle "BritBase"]
[Source "John Saunders"]
[SourceDate "2023.06.01"]
[SourceVersion "1"]
[SourceVersionDate "2023.06.01"]
[SourceQuality "1"]

1. d4 Nf6 2. Bg5 e6 3. e4 h6 4. Bxf6 Qxf6 5. Nf3 d6 6. Nc3 g5 7. h3 Bg7 8. Qd2
a6 9. O-O-O Nc6 10. Kb1 Bd7 11. Ne2 Qe7 12. c3 O-O-O 13. Nc1 f5 14. Bd3 fxe4
15. Bxe4 Qf6 16. Rhe1 Rhf8 17. b4 Kb8 18. Nb3 e5 19. d5 Ne7 20. Qd3 c6 21. c4
cxd5 22. cxd5 h5 23. Qe3 g4 24. hxg4 hxg4 25. Na5 Nc8 26. Rc1 Bb5 27. Ng5 Bh6
28. Qc3 Rd7 29. Nh7 Rxh7 30. Bxh7 Bxc1 31. Rxc1 Qg7 32. Be4 Qd7 33. Qe3 Qf7 34.
Rh1 Qxf2 35. Qxf2 Rxf2 36. Rh7 Rf4 37. Rxb7+ Ka8 38. Rc7 Nb6 39. Bc2 Nxd5 40.
Rc8+ Ka7 41. a3 Ne3 42. Bb3 Rf1+ 43. Kb2 Rf2+ 44. Kc1 Rxg2 45. a4 Bd3 46. Rc7+
Kb8 47. Rb7+ Ka8 48. Rd7 Be4 49. Rxd6 g3 50. Rd8+ Ka7 51. Rg8 Nf5 52. b5 axb5
53. axb5 Nd4 54. Rg7+ Kb6 55. Nc4+ Kc5 56. Nd2 Ba8 57. Rg8 Rxd2 58. Kxd2 Nxb3+
59. Ke3 g2 60. Kf2 Bd5 61. Rg3 Kxb5 62. Re3 Nd4 63. Rxe5 g1=Q+ 64. Kxg1 Nf3+
65. Kf2 Nxe5 66. Ke3 Kc5 67. Kf4 Kd4 68. Kf5 Nd7 69. Kf4 Be4 70. Kg3 Nf6 71.
Kf4 Nd5+ 72. Kg3 Ke3 73. Kg4 Bh7 74. Kg5 Ke4 75. Kh6 Bf5 76. Kg7 Ke5 77. Kf7
Kd6 78. Kf8 Ke6 79. Kg7 Ne7 80. Kh8 Ng6+ 81. Kg7 Ke7 82. Kg8 Kf6 83. Kh7 Ne5+
84. Kh8 Nf7+ 85. Kg8 Be4 86. Kf8 Nh6 87. Ke8 Nf5 88. Kd7 Ke5 89. Kc7 Kd5 90.
Kb6 Kc4 91. Ka5 Bc6 92. Kb6 Kd5 93. Kc7 Kc5 94. Kd8 Kd6 95. Kc8 Ne7+ 96. Kd8
Nd5 97. Kc8 Bb5 98. Kd8 Nc7 99. Kc8 Bc6 100. Kd8 Be4 101. Kc8 Ne6 102. Kb8 Kc6
103. Kc8 Bf5 104. Kb8 Nc7 105. Ka7 Be6 106. Kb8 Nb5 107. Ka8 Kb6 108. Kb8 Na7
109. Ka8 Bc8 110. Kb8 Ba6 111. Ka8 0-1

[Event "Burlington Staunton Int"]
[Site "London, Chiswick House"]
[Date "1994.??.??"]
[Round "?"]
[White "Holland, Christopher KD"]
[Black "Abbasi, Nasser M"]
[Result "1-0"]
[WhiteElo "2220"]
[BlackElo "2275"]
[PlyCount "99"]
[EventDate "1994.10.??"]
[EventType "tourn"]
[EventRounds "15"]
[EventCountry "ENG"]
[SourceTitle "BritBase"]
[Source "John Saunders"]
[SourceDate "2023.06.01"]
[SourceVersion "1"]
[SourceVersionDate "2023.06.01"]
[SourceQuality "1"]

1. c4 g6 2. Nc3 Nf6 3. Nf3 Bg7 4. g3 O-O 5. Bg2 d6 6. O-O e5 7. d3 c6 8. Rb1
Nh5 9. b4 f5 10. Bd2 h6 11. b5 g5 12. Ne1 f4 13. Nc2 g4 14. Nb4 Qc7 15. bxc6
bxc6 16. Be4 a5 17. Nbd5 Qa7 18. Nb6 Bb7 19. Qb3 Na6 20. Nxa8 Nc5 21. Qb6 Qxa8
22. Bg6 Nf6 23. Na4 Nfd7 24. Qxa5 Nxa4 25. Rxb7 Qxb7 26. Qxa4 Nc5 27. Qc2 Ne6
28. Bc3 Ng5 29. Qb3 Qa7 30. c5+ Kh8 31. Bh5 fxg3 32. hxg3 Nh7 33. Kg2 Qxc5 34.
e3 Ng5 35. Bxg4 Qa7 36. Bb4 c5 37. Bc3 Qa8+ 38. e4 Nh7 39. Qd5 Qa3 40. Qb3 Qa6
41. Bd2 Nf6 42. Be6 Qa8 43. Rh1 Rb8 44. Qc4 Rb2 45. Qc1 Nxe4 46. dxe4 Qxe4+ 47.
Kh2 Rc2 48. Qb1 Bf8 49. Rc1 Rc4 50. Bxc4 1-0

[Event "Burlington Staunton Int"]
[Site "London, Chiswick House"]
[Date "1994.??.??"]
[Round "?"]
[White "Holland, Christopher KD"]
[Black "Dive, Russell John"]
[Result "1-0"]
[WhiteElo "2220"]
[BlackElo "2315"]
[PlyCount "99"]
[EventDate "1994.10.??"]
[EventType "tourn"]
[EventRounds "15"]
[EventCountry "ENG"]
[SourceTitle "BritBase"]
[Source "John Saunders"]
[SourceDate "2023.06.01"]
[SourceVersion "1"]
[SourceVersionDate "2023.06.01"]
[SourceQuality "1"]

1. c4 Nf6 2. Nc3 c5 3. Nf3 d5 4. cxd5 Nxd5 5. e4 Nb4 6. Bb5+ Bd7 7. a3 Qa5 8.
Bxd7+ Nxd7 9. d4 Qa6 10. axb4 Qxa1 11. dxc5 Qa6 12. b5 Qe6 13. Be3 Rc8 14. b4
f6 15. O-O Qc4 16. Qd5 Qxc3 17. Rd1 Nb6 18. cxb6 axb6 19. Bxb6 Qc4 20. Qxb7 Kf7
21. h3 g5 22. Bc5 Re8 23. b6 h5 24. Nd4 Kg6 25. Qd5 Qxd5 26. exd5 g4 27. hxg4
hxg4 28. Nc6 Bh6 29. Bxe7 g3 30. d6 Kf7 31. b7 Bf4 32. fxg3 Bxg3 33. Rd3 Be5
34. Nxe5+ fxe5 35. Bg5 e4 36. Rd1 Rb8 37. d7 Rxb7 38. d8=Q Rxd8 39. Bxd8 Rxb4
40. Re1 Ke6 41. Kf2 Kf5 42. Ba5 Ra4 43. Bd2 Kg4 44. Re2 Rc4 45. Re3 Ra4 46.
Rg3+ Kf5 47. Rg5+ Kf6 48. Ra5 Rc4 49. Ke3 Kg6 50. Re5 1-0

[Event "Burlington Staunton Int"]
[Site "London, Chiswick House"]
[Date "1994.??.??"]
[Round "?"]
[White "Holland, Christopher KD"]
[Black "O'Shaughnessy, Conor"]
[Result "1-0"]
[WhiteElo "2220"]
[BlackElo "2295"]
[PlyCount "55"]
[EventDate "1994.10.??"]
[EventType "tourn"]
[EventRounds "15"]
[EventCountry "ENG"]
[SourceTitle "BritBase"]
[Source "John Saunders"]
[SourceDate "2023.06.01"]
[SourceVersion "1"]
[SourceVersionDate "2023.06.01"]
[SourceQuality "1"]

1. c4 Nf6 2. Nc3 c5 3. Nf3 b6 4. g3 Bb7 5. Bg2 e6 6. O-O Be7 7. d4 cxd4 8. Qxd4
d6 9. b3 Nbd7 10. Nb5 Nc5 11. Rd1 Nfe4 12. Qxg7 Bf6 13. Qh6 a6 14. Nbd4 Qe7 15.
Bb2 O-O-O 16. Rac1 Rdg8 17. b4 Na4 18. Ba1 Rg6 19. Qe3 h5 20. Ne1 Bg5 21. f4 e5
22. Nf5 Qd7 23. Bxe4 Bxf4 24. Bxb7+ Kb8 25. Qe4 Bxc1 26. Bxa6 Rg4 27. Qc2 Rhg8
28. Bxe5 1-0

[Event "Burlington Staunton Int"]
[Site "London, Chiswick House"]
[Date "1994.??.??"]
[Round "?"]
[White "Holland, Christopher KD"]
[Black "Beaumont, Chris R"]
[Result "1/2-1/2"]
[WhiteElo "2220"]
[BlackElo "2365"]
[PlyCount "62"]
[EventDate "1994.10.??"]
[EventType "tourn"]
[EventRounds "15"]
[EventCountry "ENG"]
[SourceTitle "BritBase"]
[Source "John Saunders"]
[SourceDate "2023.06.01"]
[SourceVersion "1"]
[SourceVersionDate "2023.06.01"]
[SourceQuality "1"]

1. c4 c5 2. Nc3 g6 3. Nf3 Bg7 4. d4 cxd4 5. Nxd4 Nc6 6. Nc2 Bxc3+ 7. bxc3 Qa5
8. Qd3 Nf6 9. g3 d6 10. Ne3 Be6 11. Bg2 Rc8 12. O-O Ne5 13. Qd4 b6 14. Bd5 Qc5
15. a4 Qxd4 16. cxd4 Nxc4 17. Bxc4 Bxc4 18. Re1 Kd7 19. f3 Rc7 20. Kf2 Rhc8 21.
Bd2 Nd5 22. Nxd5 Bxd5 23. Reb1 Rc2 24. Ke1 Ba2 25. Rb4 d5 26. Kd1 R8c6 27. a5
bxa5 28. Rb7+ Ke6 29. Bxa5 Bc4 30. Bd2 Ra2 31. Rxa2 Bxa2 1/2-1/2

[Event "Burlington Staunton Int"]
[Site "London, Chiswick House"]
[Date "1994.??.??"]
[Round "?"]
[White "Maduekwe, Chiedu"]
[Black "Olesen, Martin"]
[Result "1/2-1/2"]
[WhiteElo "2235"]
[BlackElo "2320"]
[PlyCount "81"]
[EventDate "1994.10.??"]
[EventType "tourn"]
[EventRounds "15"]
[EventCountry "ENG"]
[SourceTitle "StarBase 4.56"]
[SourceDate "2004.11.04"]
[SourceVersion "1"]
[SourceVersionDate "2004.11.04"]
[SourceQuality "2"]

1. d4 Nf6 2. c4 g6 3. Nc3 Bg7 4. e4 d6 5. f3 O-O 6. Be3 c5 7. dxc5 dxc5 8. Qxd8
Rxd8 9. Bxc5 Nc6 10. Ba3 a5 11. Rd1 Rxd1+ 12. Kxd1 Nb4 13. Nd5 Nfxd5 14. cxd5
e6 15. Bc4 exd5 16. Bxb4 dxc4 17. Bc3 Bf8 18. Ne2 b5 19. g4 b4 20. Bf6 a4 21.
Kc1 a3 22. Rd1 axb2+ 23. Kxb2 Be6 24. Nc1 h6 25. h4 Kh7 26. g5 h5 27. f4 Bc5
28. f5 c3+ 29. Ka1 c2 30. Rf1 Rd8 31. fxe6 Rd1 32. Rf2 Rxc1+ 33. Kb2 fxe6 34.
Rd2 Rf1 35. Rd7+ Kg8 36. Kxc2 Bf8 37. Rd8 Kf7 38. Rd7+ Kg8 39. Rd8 Kf7 40. Rd7+
Ke8 41. Rd8+ 1/2-1/2

[Event "Burlington Staunton Int"]
[Site "London, Chiswick House"]
[Date "1994.??.??"]
[Round "?"]
[White "Maduekwe, Chiedu"]
[Black "Holland, Christopher KD"]
[Result "1-0"]
[WhiteElo "2235"]
[BlackElo "2220"]
[PlyCount "81"]
[EventDate "1994.10.??"]
[EventType "tourn"]
[EventRounds "15"]
[EventCountry "ENG"]
[SourceTitle "BritBase"]
[Source "John Saunders"]
[SourceDate "2023.06.01"]
[SourceVersion "1"]
[SourceVersionDate "2023.06.01"]
[SourceQuality "1"]

1. d4 Nf6 2. c4 g6 3. Nc3 Bg7 4. e4 d6 5. f3 O-O 6. Be3 c6 7. Qd2 e5 8. d5 cxd5
9. cxd5 Na6 10. Bd3 Nc5 11. Nge2 Nxd3+ 12. Qxd3 Nd7 13. O-O Nc5 14. Qd2 Qa5 15.
Rab1 Qb4 16. a3 Qc4 17. b4 Nb3 18. Qa2 Qd3 19. Bg5 f6 20. Rfd1 Qa6 21. Be3 Nd4
22. Nxd4 exd4 23. Bxd4 Bd7 24. b5 Qa5 25. Rb4 Qd8 26. Rc4 Bh6 27. Qb3 Be8 28.
a4 Qe7 29. Qc2 Rf7 30. Ne2 b6 31. Rc8 Rxc8 32. Qxc8 f5 33. Ng3 Bf4 34. exf5
Bxg3 35. hxg3 Rxf5 36. Kf2 Qd7 37. Qxd7 Bxd7 38. Bb2 Rf8 39. Ba3 Rc8 40. Rd4
Rc2+ 41. Kg1 1-0